005290000a2200157000450024501020000065000170010265000180011965000240013765000200016165000320018165100330021304100130024670000230025910000300028277300590031210aNotes on the conservation status of resident diurnal raptors of the middle Cauca Valley, Colombia14aAves rapaces14aOrnitología14aEspecies en peligro14aContaminación14aDegradación del hábitat 4lRío CaucadCaucapColombia0 aInglés1 aKattan, Gustavo H.1 aAlvarez López, Humberto1 tBird Conservation International3126q341-348d1995g5